Thea Stilton And The Frozen Fiasco/ (Record no. 203797)

MARC details
000 -LEADER
fixed length control field 00550nam a22001937a 4500
005 - DATE AND TIME OF LATEST TRANSACTION
control field 20240627151626.0
010 ## - LCCN (DPL NO)
LC control number B-759987
020 ## - INTERNATIONAL STANDARD BOOK NUMBER
International Standard Book Number 9789354716393
Terms of availability 350.00
035 ## - SYSTEM CONTROL NUMBER
System control number B-759987
037 ## - SOURCE OF ACQUISITION
Source of stock number/acquisition Gift
082 ## - DEWEY DECIMAL CLASSIFICATION NUMBER
Classification number N
100 ## - MAIN ENTRY--PERSONAL NAME
Personal name Stilton, Thea
245 ## - TITLE STATEMENT
Title Thea Stilton And The Frozen Fiasco/
Statement of responsibility, etc Thea Stilton
260 ## - PUBLICATION, DISTRIBUTION, ETC. (IMPRINT)
Place of publication, distribution, etc New York
Name of publisher, distributor, etc Scholastic Inc.
Date of publication, distribution, etc 2023
270 ## - ADDRESS
Address New York
City New York
300 ## - PHYSICAL DESCRIPTION
Extent 165 p.
Dimensions 19 cm(Pbk)
942 ## - ADDED ENTRY ELEMENTS (KOHA)
Institution code [OBSOLETE] dpl
Item type Children Books
Source of classification or shelving scheme Dewey Decimal Classification
Classification part N
Call number suffix STI
Holdings
Withdrawn status Lost status Not for loan Collection code Home library Current library Date acquired Source of acquisition Cost, normal purchase price Full call number Barcode Copy number Cost, replacement price Koha item type
      Fiction Ashok Vihar Ashok Vihar 27/06/2024 Gift/25.06.2024 350.00 N STI B-759987 1 350.00 Children Books

© Delhi Public Library
Hit Counter
free hit counter